000 01559nam a2200253 i 4500
001 BINCO
003 CO-MdBIC
005 20240610154422.0
008 221012t2022 ck |||| |||| 00| 0 spa d
020 _a9789583362316
040 _aCO-MdBIC
_bspa.
_cCO-MdBIC
_dCO-MdBIC
041 _aspa
082 _223
_a808.8
_bOB13
100 _aObregon S., Elkin,
_d(1940-2021)
245 3 _aEl dinero la riqueza y el poder
_c/ Elkin Obregon S.
264 _aColombia :
_bConfiar Cooperativa Financiera,
_c[2022]
264 _c©2022
300 _a138 páginas :
_c19 cm.
501 _aLa guaca ... Héctor Abad Faciolince -- Paletón y el elefante musical ... Jorge Ibargüengoitia -- El rey Midas ... Geraldine McCaughrean -- Los ojos culpables ... Jorge Luis Borges ; Adolfo Bioy Casares (compiladores).. Hallazgo de un tesoro ... Jorge Luis Borges ; Adolfo Bioy Casares (compiladores) -- El mayordomo ... Roald Dahl - - Elzar y la camisa ... León Tolstoi - - Los de la tienda ... Ana María Matute - - El mensaje ... Luis Fernando Veríssimo - - Una lagartija . . .Juan Burghi - - La aventura del albañil ... Washington Irving - - Los bandidos ... Villiers de L'Isle-Adam - - Continuidad del tablero ... Antonio Suárez Molina - - Historia del hombre de Bagdad y el guali de El Cairo (Noche 923) - - Libro de las mil y una noches - - El Monito Fleis ... Efe Gómez El alcalde de Riolimpio / Efe Gómez
650 7 _aLiteratura norteamericana
_92493
650 7 _aLiteratura hispanoamericana
_92265
650 7 _aLiteratura árabe
_97127
942 _cLGB
999 _c68288
_d68288